POLAR Code : International code for ships operating in Polar waters / (Record no. 80)

000 -LEADER
fixed length control field 00586nam a2200169Ia 4500
008 - FIXED-LENGTH DATA ELEMENTS--GENERAL INFORMATION
fixed length control field 190719s9999||||xx |||||||||||||| ||und||
020 ## - INTERNATIONAL STANDARD BOOK NUMBER
International Standard Book Number 9789280116281
Terms of availability £ 20.00
040 ## - CATALOGING SOURCE
Original cataloging agency IMU Kochi
082 04 - DEWEY DECIMAL CLASSIFICATION NUMBER
Classification number 623.890911
Item number In858
110 ## - MAIN ENTRY--CORPORATE NAME
Corporate name or jurisdiction name as entry element International Maritime Organization
245 #0 - TITLE STATEMENT
Title POLAR Code : International code for ships operating in Polar waters /
Statement of responsibility, etc. International Maritime Organization
250 ## - EDITION STATEMENT
Edition statement 2016 ed.
260 ## - PUBLICATION, DISTRIBUTION, ETC.
Place of publication, distribution, etc. London :
Name of publisher, distributor, etc. International Maritime Organization ,
Date of publication, distribution, etc. 2016
300 ## - PHYSICAL DESCRIPTION
Extent v, 76 p.
Dimensions ; 21 cm.
650 ## - SUBJECT ADDED ENTRY--TOPICAL TERM
Topical term or geographic name entry element Ice navigation
General subdivision Law and legislation
942 ## - ADDED ENTRY ELEMENTS (KOHA)
Source of classification or shelving scheme
Koha item type Books
Holdings
Withdrawn status Lost status Damaged status Not for loan Collection code Permanent Location Current Location Shelving location Date acquired Source of acquisition Cost, normal purchase price Total Checkouts Full call number Barcode Date due Date last seen Date last checked out Price effective from Koha item type Public note Total Renewals
        IMO Collection IMU Kochi Library IMU Kochi Library Reference 2018-06-29 Sterling Book House 1798.59 6 623.890911 In858 BK005321 2026-06-08 2025-12-08 2025-12-08 2019-07-19 Books Shelf-3, Row-4  
        IMO Collection IMU Kochi Library IMU Kochi Library Reference 2018-06-29 Sterling Book House 1798.59 4 623.890911 In858 BK005322   2025-10-13 2025-09-22 2019-07-19 Books Shelf-3, Row-4 1
        IMO Collection IMU Kochi Library IMU Kochi Library Reference 2018-06-29 Sterling Book House 1798.59 2 623.890911 In858 BK005323   2023-03-28 2023-03-28 2019-07-19 Books Shelf-3, Row-4  


Copyright © All Rights Reserved by Indian Maritime University, Kochi Campus.
For any Suggestions/Query Contact to library or Email: library.kochi@imu.ac.in Ph:(0484)-2989402
(Web OPAC Designed by Rudra Ranjan. Maintained by IMU Kochi Library)

Powered by Koha